000 00730nam a2200229Ia 4500
005 20230213110748.0
008 131103s9999 xx 000 0 und d
040 _aLoreto College
041 _aEnglish
082 _a820.9
_bRIC
245 _aEnglish poetry and prose 1540-1674
_cedited by Christopher Ricks
260 _aLondon
_bSphere Books
_c1970
300 _av.2(450 p.)
440 _aHistory of literature in English language
504 _aIncludes bibliographical references and index
630 _a16th Century - Poetry and Prose
650 _aEnglish Literature - History and Criticism
651 _a16th Century - History and Criticism
700 _aRicks,Christopher, ed.
850 _aLCLIB
942 _cBK
999 _c6809
_d57288